00718nas a2200217Ia 4500001001100000003000900011008004100020040001300061040001300074041001300087100004300100210001700143222001700160245009200177250001100269260004600280501008600326300001700412362003500429650003600464R020/46145IT-RoPAU151124c99999999xx |||||||||||| ||und|| aIT-RoPAU cIT-RoPAU aITALIANO aBrion MarcelgCodice Aut. SPICS: 8793 aGRIFFITHIANA aGriffithiana aGRIFFITHIANA, ANNO 09-N.28 (DICEMBRE 1986)bGatto Felix Ovvero la Poesia Creatrice (Il) a1a ed. aGEMONA (UDINE)bCINETECA DEL FRIULIc1986 bPaulus - SPICS - Società San Paolo EM (non-commercial uses only)cCopyright2015 a2 p. [59-60] aANNO 009, N.28 (DICEMBRE 1986) aCINEMAvPUBBLICAZIONE PERIODICA